Taika Waititi Filmography - Statistics

General Stats
  • This quiz has been taken 27 times
    11 since last reset
  • The average score is 4 of 43
Answer Stats
Hint Answer % Correct
2017 Thor: Ragnarok
82%
2019 Jojo Rabbit
73%
2022 Thor: Love and Thunder
73%
2010 Boy
45%
2016 Hunt for the Wilderpeople
45%
2014 What We Do in the Shadows
45%
2007 Eagle V.S. Shark
27%
2023 Next Goal Wins
18%
2019 Avengers: Endgame
9%
2021 Free Guy
9%
2011 Green Lantern
9%
2002 Tongan Ninja
9%
2023 A Good Person
0%
TBD Akira
0%
2020 Baby Done
0%
2021 Crisis
0%
2016 Doctor Strange
0%
2007 Down by the Riverside
0%
TBD Flash Gordon
0%
2023 Frybread Face and Me
0%
2004 Futile Attraction
0%
2018 Gringo
0%
TBD Klara and the Sun
0%
2022 Lightyear
0%
2019 Maal
0%
2016 Moana
0%
2021 Night Raiders
0%
2023 Red, White and Brass
0%
1999 Scarfies
0%
2018 Seven Stages to Achieve Eternal Bliss
0%
2018 Shrimp
0%
2001 Snakeskin
0%
2018 Stray
0%
2018 The Breaker Upperers
0%
2021 The Electrical Life of Louis Wain
0%
TBD The Incal
0%
TBD The Mountain
0%
2009 The Strength of Water
0%
2021 The Suicide Squad
0%
TBD Tower of Terror
0%
2026 Untitled Taika Waititi Star Wars Film
0%
TBD We're Wolves
0%
2006 Wild Tigers I Have Known
0%
No matching quizzes found
Score Distribution
Percent of People with Each Score
Percentile by Number Answered
Your Score History
You have not taken this quiz since the last reset